French Cites - Sudden Death - Statistics

General Stats
  • This quiz has been taken 118 times
  • The average score is 7 of 15
Answers on the Grid
Answers color-coded by a green-red scale on the quiz's grid according to % correct below.
Nice
Nouveoun
Berlin
Rennes
Strasbourg
New Orleans
Naples
Avignon
Sucre
La Rochelle
Juliette
Mulhouse
Dijon
Saint-Hurie
Caen
Dunkirk
Georgetown
Tours
La Hugoin
Angers
Cannesse
Perpignan
Perigino
New Sarcalen
Le Mans
Saint-Etienne
Ju Granie
Annecy
Niles
Monaco
 
Answer Stats
Answer % Correct
Nice
97%
Strasbourg
80%
Le Mans
71%
Dijon
69%
Avignon
60%
Rennes
51%
Saint-Etienne
51%
Tours
46%
La Rochelle
43%
Annecy
37%
Dunkirk
37%
Caen
34%
Angers
31%
Perpignan
17%
Mulhouse
14%
No matching quizzes found
Score Distribution
Percent of People with Each Score
Percentile by Number Answered
Your Score History
You have not taken this quiz